| 000 | 00604nam a2200205Ia 4500 | ||
|---|---|---|---|
| 003 | IN-BaIIA | ||
| 008 | 211028s9999 xx 000 0 eng d | ||
| 020 | _a0-486-23726-5 | ||
| 040 | _cIIA Library | ||
| 080 |
_a523.481 _bGRO |
||
| 100 |
_aGrosser, Marton _911723 |
||
| 245 | 4 |
_aThe discovery of neptune _cMarton Grosser |
|
| 260 |
_aNew York _bDover Publications _c1979 |
||
| 300 | _a172p. | ||
| 650 | _aAstronomy and astrophysics thesaurus | ||
| 650 |
_aExtraterrestrial life _94250 |
||
| 650 |
_aOrigin _95840 |
||
| 650 |
_aUniverse _91987 |
||
| 942 | _cBK | ||
| 999 |
_c6838 _d6838 |
||